| 000 | 01572cad a22002295a 4500 | ||
|---|---|---|---|
| 001 | L148158 | ||
| 008 | 090805s2009 xxkbdo f s 000 0 eng d | ||
| 035 | _a(Sirsi) u148158 | ||
| 041 | 0 | _aeng | |
| 050 | 0 | 4 | _a711.558 $2 18 |
| 110 | 2 |
_aNatural England _95071 |
|
| 245 | 0 | 0 |
_aCoastal access _ban audit of coastal paths in England: 2008-09 _h[electronic resource] |
| 260 |
_aSheffield _bNatural England _c2009 |
||
| 505 | 2 | _aBackground -- Summary of findings -- National data -- The regional picture: North West - North East - Yorkshire and the Humber - East Midlands - East of England - South East - South West -- Annex: 1. The audit process - 2. Limitations of the approach - 3. Existing satisfactory, legally secure paths: an explanation - 4. Glossary of terms | |
| 520 | _aPresents the results of Natural England's audit into existing access to England's coast in preparation of the Marine and Coastal Access Bill. Finds that there is no satisfactory or legally secure access to 34% of the English coastline. Shows that the South West has the most access to coasts with 76% of its coasts being fully accessible while the North West has only 56% of its coasts accessible. Suggests that 13% of rights of way could be lost to erosion in the next 20 years. | ||
| 521 | _aAdvanced | ||
| 590 | _aKA | ||
| 651 | 4 |
_aEngland _y886- |
|
| 690 |
_aPlanning and development _96259 |
||
| 856 | 4 | 0 |
_uhttps://www.naturalengland.org.uk/ourwork/enjoying/places/coastalaccess/englandscoastpath/default.aspx _zView the audit free of charge at www.naturalengland.org.uk... |
| 942 | _n0 | ||
| 999 |
_c109918 _d109918 |
||